| 000 | 01230cam a22003857a 4500 | ||
|---|---|---|---|
| 001 | 17353848 | ||
| 005 | 20180827083041.0 | ||
| 007 | co cga|||||||| | ||
| 008 | 120620s2009 moua b 001 0 eng c | ||
| 010 | _a 2012392875 | ||
| 015 |
_aGBA822237 _2bnb |
||
| 016 | 7 |
_a101472823 _2DNLM |
|
| 016 | 7 |
_a014530462 _2Uk |
|
| 020 | _a9780323048286 | ||
| 020 | _a0323048285 | ||
| 020 | _a9996047180 (CD) | ||
| 020 | _a9789996047183 (CD) | ||
| 035 | _a(OCoLC)ocn217277370 | ||
| 037 | _a60333 | ||
| 040 |
_aNLM _cYUS _dNLM _dUKM _dBTCTA _dBAKER _dYDXCP _dCOU _dIXA _dZCK _dVAM _dDMJ _dTMY _dMDU _dFEO _dJVD _dZWZ _dDEBBG _dTVG _dCNMBL _dGTA _dBDX _dDLC |
||
| 041 | _aeng | ||
| 042 | _apcc | ||
| 060 | 0 | 0 | _a2008 F-012 |
| 060 | 1 | 0 |
_aWY 100 _bP868f 2009 |
| 080 | _a610.73 | ||
| 082 | 0 | 0 |
_a610.73 _223 |
| 084 |
_aXC 5901 _2rvk |
||
| 100 | 1 | _a2 | |
| 101 | _aNUR | ||
| 245 | 1 | 0 |
_aFundamentals of nursing / _cPatricia A. Potter, Anne Griffin Perry ; section editors, Amy Hall, Patricia A. Stockert. |
| 504 | _aIncludes bibliographical references (p. 1409-1439) and index. | ||
| 906 |
_a7 _bcbc _cpccadap _d2 _encip _f20 _gy-gencatlg |
||
| 942 |
_2ddc _cBK |
||
| 999 |
_c47356 _d47356 |
||